Nuestra herencia católica (Record no. 34724)

MARC details
000 -LEADER
campo de control de longitud fija 00573nam a2200157 i 4500
001 - NÚMERO DE CONTROL
campo de control 34724
003 - IDENTIFICADOR DE NÚMERO DE CONTROL
campo de control ES-MaACL
007 - CAMPO FIJO DE DESCRIPCIÓN FÍSICA--INFORMACIÓN GENERAL
campo de control de longitud fija t|
008 - DATOS DE LONGITUD FIJA--INFORMACIÓN GENERAL
campo de control de longitud fija 030207s1973 mx ||||1| spa d
100 1# - ENTRADA PRINCIPAL--NOMBRE DE PERSONA
Nombre de persona Boase, Leonard.
9 (RLIN) 29637
245 10 - MENCIÓN DEL TÍTULO
Título Nuestra herencia católica
Resto del título : tradicción, historia y doctrina de la Iglesia /
Mención de responsabilidad, etc. por Leonard Boase ; traducida y adaptada por José González Brown.
260 ## - PUBLICACIÓN, DISTRIBUCIÓN, ETC.
Lugar de publicación, distribución, etc. México, etc. :
Nombre del editor, distribuidor, etc. La Prensa Católica,
Fecha de publicación, distribución, etc. [1973]
300 ## - DESCRIPCIÓN FÍSICA
Extensión 3 v., 27 lám. :
Otras características físicas il. ;
Dimensiones 24 cm.
700 1# - ENTRADA AGREGADA--NOMBRE PERSONAL
Nombre de persona González Brown, José.
9 (RLIN) 58471
852 ## - LOCALIZACIÓN
Ubicación ES-MaACL
Número de control de estantería E-5291-3
Sublocalización o colección R.89511
Holdings
Estatus retirado Estado de pérdida Estado de daño No para préstamo Biblioteca de origen Biblioteca actual Ubicación en estantería Fecha de adquisición Fuente de adquisición Total de préstamos Signatura topográfica completa Código de barras Visto por última vez Precio de reemplazo Tipo de ítem Koha
        Biblioteca del Ateneo de Madrid Biblioteca del Ateneo de Madrid Depósito 2 17/01/2008     E-5291-3 1036233 23/02/2023 23/02/2023 Libro impreso